Ancient Israel's history : (Registro nro. 9734)

Detalles MARC
000 -LEADER
campo de control de longitud fija 03270cam a22005174i 4500
003 - IDENTIFICADOR DE NÚMERO DE CONTROL
campo de control PE-LiUPU
005 - FECHA Y HORA DE LA ÚLTIMA TRANSACCIÓN
campo de control 20250731172848.0
008 - DATOS DE LONGITUD FIJA--INFORMACIÓN GENERAL
campo de control de longitud fija 140703t20142014miuab rb 001 0 eng
020 ## - NÚMERO INTERNACIONAL ESTÁNDAR DEL LIBRO
Número Internacional Estándar del Libro 9780801039300
035 ## - NÚMERO DE CONTROL DEL SISTEMA
Número de control de sistema (Sirsi) i9780801039300
040 ## - FUENTE DE CATALOGACIÓN
Centro catalogador/agencia de origen DLC
Lengua de catalogación spa
Normas de descripción rda
Centro/agencia transcriptor DLC
Centro/agencia modificador YDX
-- YDXCP
-- BTCTA
-- BDX
-- SPB
-- CDX
-- BTA
-- TLE
-- LNT
-- OCLCF
-- SGB
-- TUU
-- HEBIS
-- RCT
-- OCLCQ
-- PE-LiUPU
082 00 - NÚMERO DE LA CLASIFICACIÓN DECIMAL DEWEY
Número de clasificación 221.95
Cutter A5
Número de edición 23
245 00 - MENCIÓN DEL TÍTULO
Título Ancient Israel's history :
Resto del título an introduction to issues and sources /
Mención de responsabilidad, etc. edited by Bill T. Arnold, Richard S. Hess.
264 #1 - PRODUCCIÓN, PUBLICACIÓN, DISTRIBUCIÓN, FABRICACIÓN Y COPYRIGHT
Producción, publicación, distribución, fabricación y copyright Grand Rapids, Michigan :
Nombre del de productor, editor, distribuidor, fabricante Baker Academic,
Fecha de producción, publicación, distribución, fabricación o copyright [2014].
300 ## - DESCRIPCIÓN FÍSICA
Extensión xv, 544 páginas :
Otras características físicas ilustraciones ;
Dimensiones 24 centímetros
336 ## - TIPO DE CONTENIDO
Término de tipo de contenido text
Fuente rdacontent
337 ## - TIPO DE MEDIO
Nombre/término del tipo de medio unmediated
Fuente rdamedia
338 ## - TIPO DE SOPORTE
Nombre/término del tipo de soporte volume
Fuente rdacarrier
504 ## - NOTA DE BIBLIOGRAFÍA, ETC.
Nota de bibliografía, etc. Bibliografía : páginas 461-519.
504 ## - NOTA DE BIBLIOGRAFÍA, ETC.
Nota de bibliografía, etc. Índices: páginas 523-544.
505 0# - NOTA DE CONTENIDO CON FORMATO
Nota de contenido con formato Introduction: foundations for a history of Israel / Richard S. Hess -- 1. The Genesis narratives / Bill T. Arnold -- 2. The Exodus and wilderness narratives / James K. Hoffmeier -- 3. Covenant and treaty in the Hebrew Bible and in the ancient Near East / Samuel Greengus -- 4. Early Israel and its appearance in Canaan / Lawson G. Stone -- 5. The Judges and the early Iron Age / Robert D. Miller II -- 6. The story of Samuel, Saul, and David / Daniel Bodi -- 7. United monarchy: archaeology and literary sources / Steven M. Ortiz -- The biblical prophets in historiography / James K. Mead -- 9. Late tenth- and ninth-century issues: Ahab underplayed? Jehoshaphat overplayed? / Kyle Greenwood -- 10. Eighth-century issues: the world of Jeroboam II, the fall of Samaria, and the reign of Hezekiah / Sandra Richter -- 11. Judah in the seventh century: from the aftermath of Sennacherib's invasion to the beginning of Jehoiakim's rebellion / Brad E. Kelle -- 12. Sixth-century issues / Peter van der veen -- 13. Fifth- and fourth-century issues: governorship and priesthood in Jerusalem / Andre Lemaire -- 14. The Hellenistic period / David A. Desilva.
520 ## - RESUMEN, ETC.
Sumario, etc. "Leading experts offer a substantive history of Israel textbook that values the Bible's historical contribution without overlooking critical issues and challenges"--
Fuente proveedora Provided by publisher.
526 ## - NOTA DE INFORMACIÓN SOBRE EL PROGRAMA DE ESTUDIO
Nombre del programa Segunda Especialidad En Profecías Bíblicas
526 ## - NOTA DE INFORMACIÓN SOBRE EL PROGRAMA DE ESTUDIO
Nombre del programa Segunda Especialidad En Nuevo Testamento
526 ## - NOTA DE INFORMACIÓN SOBRE EL PROGRAMA DE ESTUDIO
Nombre del programa Segunda Especialidad En Antiguo Testamento
526 ## - NOTA DE INFORMACIÓN SOBRE EL PROGRAMA DE ESTUDIO
Nombre del programa Segunda Especialidad En Estudios Adventistas
526 ## - NOTA DE INFORMACIÓN SOBRE EL PROGRAMA DE ESTUDIO
Nombre del programa Doctorado en teología
526 ## - NOTA DE INFORMACIÓN SOBRE EL PROGRAMA DE ESTUDIO
Nombre del programa Maestría en teología histórica
526 ## - NOTA DE INFORMACIÓN SOBRE EL PROGRAMA DE ESTUDIO
Nombre del programa Maestría en teología bíblica
526 ## - NOTA DE INFORMACIÓN SOBRE EL PROGRAMA DE ESTUDIO
Nombre del programa Maestría en teología
526 ## - NOTA DE INFORMACIÓN SOBRE EL PROGRAMA DE ESTUDIO
Nombre del programa Maestría en misionología
526 ## - NOTA DE INFORMACIÓN SOBRE EL PROGRAMA DE ESTUDIO
Nombre del programa Maestría en liderazgo eclesiástico
526 ## - NOTA DE INFORMACIÓN SOBRE EL PROGRAMA DE ESTUDIO
Nombre del programa Teología
596 ## -
-- 1
630 04 - PUNTO DE ACCESO ADICIONAL DE MATERIA--TÍTULO UNIFORME
Título uniforme Biblia.
Nombre de parte o sección de la obra A.T.
Subdivisión general Crítica, interpretación, etc.
630 04 - PUNTO DE ACCESO ADICIONAL DE MATERIA--TÍTULO UNIFORME
Título uniforme Biblia.
Nombre de parte o sección de la obra A.T.
Subdivisión general Historia de los acontecimientos bíblicos.
650 14 - PUNTO DE ACCESO ADICIONAL DE MATERIA--TÉRMINO DE MATERIA
Término de materia o nombre geográfico como elemento de entrada Judios
Subdivisión general Historia
Subdivisión cronológica Hasta 79 DC.
700 1# - ENTRADA AGREGADA--NOMBRE PERSONAL
Nombre de persona Arnold, Bill T.,
Término indicativo de función/relación editor
700 1# - ENTRADA AGREGADA--NOMBRE PERSONAL
Nombre de persona Hess, Richard S.,
Término indicativo de función/relación editor
910 ## - DATOS DE OPCIÓN DEL USUARIO (OCLC)
Datos de opción del usuario jck
-- ebj
-- ebj
-- 20160606
942 ## - ELEMENTOS DE ENTRADA SECUNDARIOS (KOHA)
Fuente del sistema de clasificación o colocación Clasificación Decimal Dewey
Tipo de ítem Koha
949 ## - PROCESAMIENTO DE INFORMACIÓN LOCAL (OCLC)
a 221.95 A5
w DEWEY
c 1
i 73389
l CCODEBUL1
m BUL
p 26.99
r 0
s Y
t BOOK
u 2016-6-6
x TEOLOGIA
-- P85
0 COMPRA
o .STAFF. Colección General Teología
994 ## -
-- C0
-- PEPRU
999 ## - NÚMEROS DE CONTROL DE SISTEMA (KOHA)
-- DEWEY
-- 73389
-- 2017-10-5
-- 2021-11-9
-- 5
-- CCODEBUL1
-- BUL
-- 1
-- 26.99
-- 4
-- 0
-- Y
-- BOOK
-- 2016-6-6
-- TEOLOGIA
-- P85
-- COMPRA
-- .STAFF. Colección Teología
980 ## - EQUIVALENCIA O REFERENCIA-CRUZADA-MENCIÓN DE SERIE--NOMBRE DE PERSONA/TÍTULO [LOCAL, CANADÁ]
ID del último usuario que modificó el registro 1
Nombre del último usuario que modificó el registro ALBERTO SANCHEZ Responsable de Automatización
Existencias
Visto por última vez Número de inventario Total de préstamos Signatura topográfica completa Código de barras Fecha del último préstamo Copia número Coste, precio de reemplazo Fecha de reemplazo Facultad Tipo de ítem Koha Nota pública Estado de pérdida Fuente del sistema de clasificación o colocación Restricciones de uso No para préstamo Colección Programa académico Biblioteca de origen Biblioteca actual Ubicación en estantería Fecha de adquisición Fuente de adquisición Coste, precio normal de compra
2025-12-02 6 1 221.95 A5 73389 2017-10-05 e1 31.99 2016-06-06   Libros físicos inventario-2023-12-13 No Perdido Clasificación Decimal Dewey No restringido Disponible para préstamos Colección General Maestría en teología Biblioteca CRAI UPeU Lima Biblioteca CRAI UPeU Lima Sala principal 2016-06-06 COMPRA 26.99